Statistics for Random Czech Words #3

Click here to take the quiz!

General Stats

  • This quiz has been taken 37 times
  • The average score is 15 of 21

Answer Stats

Czech English % Correct
pivobeer
97%
dezertdessert
97%
šampionchampion
94%
babičkagrandmother
89%
parfémperfume
89%
čajtea
86%
cukrsugar
83%
ČeskoCzech Republic
81%
hokejhockey
81%
motorkamotorbike
81%
fyzikaphysics
81%
karnevalcarnival
72%
JežíšJesus
72%
svetrsweater
69%
kampaňcampaign
67%
císařemperor
64%
stanicestation
64%
tanecdance
64%
ČechyBohemia
36%
narcisnarcissus (daffodil)
22%
žampiónmeadow mushroom
19%

Score Distribution

Percentile by Number Answered

Percent of People with Each Score

Your Score History

You have not taken this quiz